<?xml version="1.0" encoding="UTF-8"?>
<record
    xmlns:xsi="http://www.w3.org/2001/XMLSchema-instance"
    xsi:schemaLocation="http://www.loc.gov/MARC21/slim http://www.loc.gov/standards/marcxml/schema/MARC21slim.xsd"
    xmlns="http://www.loc.gov/MARC21/slim">

  <leader>00826nam a22001457a 4500</leader>
  <datafield tag="999" ind1=" " ind2=" ">
    <subfield code="c">527531</subfield>
    <subfield code="d">527531</subfield>
  </datafield>
  <controlfield tag="008">240903b           ||||| |||| 00| 0 eng d</controlfield>
  <datafield tag="100" ind1=" " ind2=" ">
    <subfield code="a">Kumar, Neeraj and Varman, P. Mahendra </subfield>
    <subfield code="9">57866</subfield>
  </datafield>
  <datafield tag="245" ind1=" " ind2=" ">
    <subfield code="a">Is GDP a good measure of people&#x2019;s well-being? Evidence from BRICS nations. </subfield>
  </datafield>
  <datafield tag="260" ind1=" " ind2=" ">
    <subfield code="a">Madhya Pradesh Journal of Social Sciences </subfield>
  </datafield>
  <datafield tag="300" ind1=" " ind2=" ">
    <subfield code="a">28(1), Jun, 2023: p.15-31</subfield>
  </datafield>
  <datafield tag="520" ind1=" " ind2=" ">
    <subfield code="a">In economics, income is always considered a significant factor that is needed to maximize the well-being of the people. The belfries of ecomdists that an incrse in income increases the subjective well-being of the people are questioned by Easterlin in his seminal work which is also called as Easerin paradox. &#x2013; Reproduced 
</subfield>
  </datafield>
  <datafield tag="773" ind1=" " ind2=" ">
    <subfield code="a">Madhya Pradesh Journal of Social Sciences </subfield>
  </datafield>
  <datafield tag="906" ind1=" " ind2=" ">
    <subfield code="a">ECONOMIC DEVELOPMENT</subfield>
  </datafield>
  <datafield tag="942" ind1=" " ind2=" ">
    <subfield code="c">AR</subfield>
  </datafield>
  <datafield tag="952" ind1=" " ind2=" ">
    <subfield code="0">0</subfield>
    <subfield code="1">0</subfield>
    <subfield code="2">ddc</subfield>
    <subfield code="4">0</subfield>
    <subfield code="7">0</subfield>
    <subfield code="9">402618</subfield>
    <subfield code="a">IIPA</subfield>
    <subfield code="b">IIPA</subfield>
    <subfield code="d">2024-09-03</subfield>
    <subfield code="h">28(1), Jun, 2023: p.15-31</subfield>
    <subfield code="p">AR132972</subfield>
    <subfield code="r">2024-09-03</subfield>
    <subfield code="y">AR</subfield>
  </datafield>
</record>
